000 00519nam a2200169 4500
999 _c4215
_d4215
008 160901b xxu||||| |||| 00| 0 eng d
022 _a2094-8042
082 _aDPer 370.105 M72 Jan-Dec 2012 v. 60-61
100 _913868
_aPaderna, Jorry B.
243 _a
245 _aSalamat! paalam/
_cJorry B. Paderna.
260 _aPhilippines:
_bIn the Grade School, Inc.,
_c©2012.
300 _av60 n10, page 432;
_c28 cm.
500 _aThe Modern Teacher.
650 0 _919454
_aPhilippine
_vPoetry
942 _2ddc
_cPER